Danse lente piano /

Hlavní autor: Franck, César, 1822-1890
Další autoři: Selva, Blanche, 1884-1942
Jazyk: Nelze použít, není lingvistický obsah
Vydáno: Paris : Roudanez, 1919
Fyzický popis: 1 sv. (nestránkován)
Hudebniny Hudebniny
Uloženo v:
LEADER 00795ncm a22002172a 4500
001 001261964
003 CZ BrMZK
005 20121030092647.0
007 qu
008 121030s1919 fr |||||||||||||||||zxx d
040 |a BOA001  |b cze 
072 7 |a 786  |x Hudba pro klávesové nástroje  |2 Konspekt  |9 9 
100 1 |a Franck, César,  |d 1822-1890  |7 jn20000601614  |4 cmp 
245 1 0 |a Danse lente  |h [hudebnina] :  |b piano /  |c César Frank ; avec doigtés et indications d'interprétation par Blanche Selva 
260 |a Paris :  |b Roudanez,  |c 1919 
300 |a 1 sv. (nestránkován) 
700 1 |a Selva, Blanche,  |d 1884-1942  |7 mzk2010593730  |4 edt  |4 cmm 
910 |a BOA001  |b Mus4-0536.949 
990 |a MU 
991 |b 201210 
996 6 |b 2619079138  |c Mus4-0536.949  |l MZK  |r Sklad / do 1 hodiny  |n 0  |w 001295799  |u 000010  |a 1  |e BOA001  |j MZK50  |s P